Fr. Conceicao Rodrigues College of Engineering

Theory Of Machines (Record no. 28440)

MARC details
000 -LEADER
fixed length control field 00320nam a2200157Ia 4500
082 ## - DEWEY DECIMAL CLASSIFICATION NUMBER
Classification number 621.8
Item number BAL
100 ## - MAIN ENTRY--PERSONAL NAME
Personal name Ballaney/P.L
250 ## - EDITION STATEMENT
Edition statement 18
245 ## - TITLE STATEMENT
Title Theory Of Machines
260 ## - PUBLICATION, DISTRIBUTION, ETC.
Name of publisher, distributor, etc. Khanna publishers
Place of publication, distribution, etc. NONE
Date of publication, distribution, etc. 1992
300 ## - PHYSICAL DESCRIPTION
Extent 1484
546 ## - LANGUAGE NOTE
Language note ENGLISH
654 ## - SUBJECT ADDED ENTRY--FACETED TOPICAL TERMS
Focus term Machines
942 ## - ADDED ENTRY ELEMENTS (KOHA)
Koha item type BOOK
Holdings
Withdrawn status Lost status Damaged status Not for loan Collection Home library Current library Shelving location Date acquired Total Checkouts Full call number Barcode Date last seen Price effective from Koha item type
        CRC Fr. Agnel's C.Rodrigues College of Engineering Fr. Agnel's C.Rodrigues College of Engineering   17/03/2023   621.8 BAL 9454 17/03/2023 17/03/2023 BOOK
        CRC Fr. Agnel's C.Rodrigues College of Engineering Fr. Agnel's C.Rodrigues College of Engineering   17/03/2023   9921 17/03/2023 17/03/2023 BOOK